00373nam a2200121Ia 4500003000400000008004100004040001600045082001700061245011300078260004400191300001100235490000500246GCL140319s9999 xx 000 0 ara d aGCL / cGCL04a811.2bم ن10aالنظرة النبوية فى نقد الشعر نحو تأسيس منهج اسلامى فى الادب a[S.N] : bدار المنار ، c1992 a101 ص a